000 00879nam a22002417a 4500
999 _c5349
_d5349
003 AR-CdUCM
008 190312b ||||| |||| 00| 0 spa d
040 _aMUNICIPALIDAD PROVINCIAL DEL CUSCO
_cBIBLIOTECA MUNICIPAL DEL CUSCO
082 _a119.31 /
_bAF28
100 _aAfnan, Soheil F.
_916146
245 _aEl Pensamiento de Avicena /
260 _aMéxico :
_bFondo de Cultura Económica ;
_c1695.
300 _a383 páginas ;
_c17cm
440 _aColección Breviarios
_n184
_916147
505 _aContenido: Persia en el siglo X -- La vida y la obra de Avicena -- Problemas de lógica -- Problemas de metafísica -- Problemas de religión...
650 _aFilosofía
_9395
650 _aFilosofía árabe
_916148
650 _aÉpoca medieval
_94774
650 _aArabia
_93821
700 _aYamuni, Vera (traducción)
_916149
942 _2ddc
_cLIBROS
945 _anom